[Event "23. Schweinfurt Open"]
[Site "Schweinfurt"]
[Date "2013.06.01"]
[Round "4.1"]
[White "Schmitt, Philipp"]
[Black "Golda, Harald"]
[Result "1/2-1/2"]
[WhiteElo "2158"]
[BlackElo "2332"]
[PlyCount "93"]
[EventDate "2013.05.30"]
[Source "SK SW 2000"]
[SourceDate "2013.06.02"]

1. e4 c5 2. Nf3 d6 3. d4 cxd4 4. Nxd4 Nf6 5. Nc3 Nc6 6. Bg5 e6 7. Qd2 a6 8.
O-O-O Bd7 9. f4 Be7 10. Be2 Qc7 11. Kb1 h6 12. Bh4 Nxe4 13. Nxe4 Bxh4 14. Nxc6
Bxc6 15. Nxd6+ Kf8 16. Qe3 Bxg2 17. Rhg1 Bd5 18. c4 Qxd6 19. cxd5 exd5 20. Bf3
Bf6 21. Rxd5 Qb4 22. Qd2 Qxd2 23. Rxd2 g6 24. Bxb7 Ra7 25. Rd7 g5 26. Rc1 Kg7
27. Rcc7 Rf8 28. fxg5 hxg5 29. h3 Be5 30. Rc5 Re8 31. Ra5 Re6 32. Bc6 Rxd7 33.
Bxd7 Re7 34. Bg4 Bf4 35. Rxa6 Re5 36. a4 f5 37. Bh5 Re3 38. Bg6 g4 39. hxg4
fxg4 40. Bf5 g3 41. Rg6+ Kf7 42. Rg4 Be5 43. Be4 Kf6 44. Kc1 Rb3 45. Rg6+ Kf7
46. Rg4 Rxb2 47. Rxg3 1/2-1/2

[Event "23. Schweinfurt Open"]
[Site "Schweinfurt"]
[Date "2013.06.01"]
[Round "4.2"]
[White "Seidens, Udo"]
[Black "Kunz, Konstantin"]
[Result "1/2-1/2"]
[WhiteElo "2237"]
[BlackElo "2184"]
[PlyCount "103"]
[EventDate "2013.05.30"]
[Source "SK SW 2000"]
[SourceDate "2013.06.02"]

1. c4 Nf6 2. g3 c6 3. Bg2 d5 4. Nf3 Bf5 5. O-O e6 6. Qb3 Qb6 7. Nc3 Be7 8. d3
O-O 9. Nh4 Bg4 10. h3 Bh5 11. g4 Bg6 12. Qxb6 axb6 13. Be3 Nbd7 14. Nxg6 hxg6
15. f4 dxc4 16. dxc4 Bc5 17. Bxc5 Nxc5 18. b3 Rfd8 19. Rad1 Kf8 20. Kf2 Ke7 21.
Ke3 e5 22. Rxd8 exf4+ 23. Kxf4 Rxd8 24. Rd1 Ne6+ 25. Ke3 Ra8 26. Rd2 g5 27. Na4
Ra6 28. Bf3 Nd7 29. Nc3 Ra8 30. Ne4 g6 31. Nd6 Rh8 32. Nxf7 Rxh3 33. Nd6 c5 34.
Ne4 Ne5 35. Kf2 Nxf3 36. exf3 Rh2+ 37. Ke3 Rxd2 38. Kxd2 Kd7 39. Ke3 Kc6 40.
Nc3 Nd4 41. Nd5 b5 42. Ne7+ Kd6 43. Nxg6 bxc4 44. bxc4 Nc2+ 45. Ke4 Na3 46. Ne5
Ke6 47. f4 gxf4 48. Kxf4 b5 49. cxb5 Nxb5 50. g5 Nc3 51. g6 Nd5+ 52. Ke4
1/2-1/2

[Event "23. Schweinfurt Open"]
[Site "Schweinfurt"]
[Date "2013.06.01"]
[Round "4.3"]
[White "Amtmann, Florian"]
[Black "Neubauer, Jaro"]
[Result "1-0"]
[WhiteElo "2171"]
[BlackElo "2027"]
[PlyCount "149"]
[EventDate "2013.05.30"]
[Source "SK SW 2000"]
[SourceDate "2013.06.02"]

1. d4 e6 2. e4 d5 3. e5 c5 4. c3 Nc6 5. Nf3 Bd7 6. a3 c4 7. Nbd2 Nge7 8. b4
cxb3 9. Nxb3 Na5 10. Nxa5 Qxa5 11. Bd2 Qa4 12. Qb1 b6 13. Bd3 g6 14. O-O Rc8
15. Rc1 Nf5 16. g4 Ne7 17. Kg2 h5 18. h3 Bh6 19. g5 Bf8 20. Be2 Qc6 21. a4 Qa8
22. Bd3 Rc4 23. Bf4 Nf5 24. Nd2 Bc6 25. f3 Rxa4 26. Rxa4 Bxa4 27. Bb5+ Bxb5 28.
Qxb5+ Kd8 29. Ra1 Kc7 30. Ra6 Be7 31. Qa4 Kb7 32. Nb3 Rc8 33. Bd2 Kb8 34. Na1
Qb7 35. Qa2 Rc4 36. Nc2 Qc7 37. Qb3 Bxg5 38. Be1 Be7 39. Ra2 Kb7 40. Qb5 Rc6
41. Kf1 Qd7 42. Ke2 Rc7 43. Qa6+ Kb8 44. Na3 Bxa3 45. Qxa3 Qc6 46. f4 Qb5+ 47.
Kd2 Qf1 48. Qf8+ Kb7 49. Qa3 Qxf4+ 50. Kd1 Ne3+ 51. Ke2 Qf1+ 52. Kxe3 Qxe1+ 53.
Kd3 Qf1+ 54. Kd2 a6 55. Rb2 Qf4+ 56. Kd3 Qf1+ 57. Kd2 Qc4 58. Rb4 Qc6 59. h4 b5
60. Rb3 Qb6 61. Qb4 Rc4 62. Qf8 Qc7 63. Kd3 Ra4 64. Rb2 Rc4 65. Rb3 Ka7 66. Kd2
Kb6 67. Qe8 Rc6 68. Qf8 a5 69. Qa3 Ka6 70. Qb2 Qb6 71. Ra3 Rc4 72. Ke3 b4 73.
cxb4 Rxb4 74. Qe2+ Kb7 75. Rd3 {Zeitueberschreitung} 1-0

[Event "23. Schweinfurt Open"]
[Site "Schweinfurt"]
[Date "2013.06.01"]
[Round "4.4"]
[White "Krenz, Dieter"]
[Black "Kuhn, Norbert"]
[Result "1/2-1/2"]
[WhiteElo "2028"]
[BlackElo "2149"]
[PlyCount "39"]
[EventDate "2013.05.30"]
[Source "SK SW 2000"]
[SourceDate "2013.06.02"]

1. e4 e6 2. d4 d5 3. Nd2 c5 4. Ngf3 Nc6 5. Bb5 Bd6 6. O-O cxd4 7. exd5 exd5 8.
Nxd4 Nge7 9. c3 Bd7 10. Nxc6 bxc6 11. Bd3 Bf5 12. Bxf5 Nxf5 13. Qg4 g6 14. Re1+
Be7 15. Nf3 O-O 16. Ne5 Qc7 17. Bf4 Bd6 18. Nd3 Rfe8 19. Bxd6 Nxd6 20. Qf4
1/2-1/2

[Event "23. Schweinfurt Open"]
[Site "Schweinfurt"]
[Date "2013.06.01"]
[Round "4.5"]
[White "Poßke, Thore"]
[Black "von der Linden, Armin"]
[Result "0-1"]
[WhiteElo "1900"]
[BlackElo "1976"]
[PlyCount "110"]
[EventDate "2013.05.30"]
[Source "SK SW 2000"]
[SourceDate "2013.06.02"]

1. d4 d5 2. Nf3 Nc6 3. Bf4 Bf5 4. e3 e6 5. c3 Bd6 6. Bb5 Bxf4 7. exf4 Nge7 8.
O-O O-O 9. Nh4 Qd6 10. Nxf5 Nxf5 11. g3 Nce7 12. Nd2 b6 13. Nf3 c5 14. Ba4 cxd4
15. Nxd4 Nxd4 16. Qxd4 Nf5 17. Qe5 Rfc8 18. g4 Rc4 19. Bd1 Rxf4 20. Qxd6 Nxd6
21. Rc1 Rc4 22. Be2 Rc5 23. f4 Rac8 24. Rce1 Nc4 25. Bxc4 Rxc4 26. h3 Kf8 27.
f5 exf5 28. Rxf5 d4 29. cxd4 Rxd4 30. Re2 Rcd8 31. Rfe5 Rd2 32. Kg2 f6 33. Re7
Rxe2+ 34. Rxe2 Kf7 35. Rc2 Rd7 36. Rf2 Ke6 37. Re2+ Kd5 38. Rd2+ Kc6 39. Rc2+
Kb5 40. h4 a5 41. h5 Ka6 42. Kf3 b5 43. h6 Kb6 44. hxg7 Rxg7 45. Kf4 Rg5 46.
Rh2 Rc5 47. b3 Rd5 48. Rxh7 Rd2 49. Rf7 Rxa2 50. Rxf6+ Kc5 51. Kg3 Ra3 52. Rf3
a4 53. bxa4 Rxf3+ 54. Kxf3 bxa4 55. Ke4 a3 0-1

[Event "23. Schweinfurt Open"]
[Site "Schweinfurt"]
[Date "2013.06.01"]
[Round "4.6"]
[White "Leeb, Simon"]
[Black "Yalcin, Alparslan"]
[Result "1/2-1/2"]
[WhiteElo "1732"]
[BlackElo "2027"]
[PlyCount "58"]
[EventDate "2013.05.30"]
[Source "SK SW 2000"]
[SourceDate "2013.06.02"]

1. d4 Nf6 2. c4 g6 3. Nc3 Bg7 4. e4 d6 5. f4 O-O 6. Nf3 c5 7. Be3 cxd4 8. Bxd4
Nc6 9. Be3 Ng4 10. Qd2 Nxe3 11. Qxe3 Qa5 12. a3 Bg4 13. Rd1 Bxc3+ 14. Qxc3
Qxc3+ 15. bxc3 Bxf3 16. gxf3 Rac8 17. c5 dxc5 18. Rd7 Rb8 19. Bb5 Rfd8 20. Bxc6
bxc6 21. Rxd8+ Rxd8 22. Ke2 Rb8 23. Kd3 Rb2 24. h4 Ra2 25. h5 Rxa3 26. h6 f6
27. Rb1 Kf7 28. Rb8 Ra2 29. Rh8 Rf2 1/2-1/2

[Event "23. Schweinfurt Open"]
[Site "Schweinfurt"]
[Date "2013.06.01"]
[Round "4.7"]
[White "Kilian, Markus"]
[Black "Neuberg, Hans-Gerhard"]
[Result "0-1"]
[WhiteElo "1811"]
[BlackElo "1992"]
[PlyCount "50"]
[EventDate "2013.05.30"]
[Source "SK SW 2000"]
[SourceDate "2013.06.02"]

1. d4 g6 2. c4 Bg7 3. Nf3 c5 4. Nc3 cxd4 5. Nxd4 Nc6 6. Nxc6 bxc6 7. e4 Qc7 8.
Bd3 Bb7 9. O-O Nf6 10. Bg5 d6 11. Qd2 O-O 12. Rad1 Rfe8 13. Bb1 Rad8 14. Qe3
Ba6 15. b3 d5 16. Bxf6 exf6 17. Qc5 Bf8 18. Qd4 dxc4 19. Qxf6 cxb3 20. Rfe1 Bg7
21. Qf3 Qa5 22. Rxd8 Rxd8 23. e5 Bxe5 24. Rxe5 Qxe5 25. Ne4 bxa2 0-1

[Event "23. Schweinfurt Open"]
[Site "Schweinfurt"]
[Date "2013.06.01"]
[Round "4.8"]
[White "Schneider, Johannes"]
[Black "Ziegler, Michael"]
[Result "0-1"]
[WhiteElo "1840"]
[BlackElo "2151"]
[PlyCount "96"]
[EventDate "2013.05.30"]
[Source "SK SW 2000"]
[SourceDate "2013.06.02"]

1. d4 Nf6 2. c4 g6 3. Nc3 d5 4. cxd5 Nxd5 5. e4 Nxc3 6. bxc3 c5 7. Bc4 Bg7 8.
Ne2 O-O 9. O-O Nc6 10. Be3 b6 11. dxc5 Qc7 12. cxb6 axb6 13. Bd5 e6 14. Bxc6
Qxc6 15. Qb3 Qxe4 16. Qxb6 Ba6 17. Ng3 Qc4 18. Rfc1 Rfc8 19. Qb3 Qxb3 20. axb3
Rxc3 21. Rxc3 Bxc3 22. Ra2 Bb7 23. Rxa8+ Bxa8 24. Bc5 e5 25. f3 f5 26. Kf2 Kf7
27. Ke2 Ke6 28. Kd3 Be1 29. Ke2 Ba5 30. Kd3 Bb7 31. b4 Ba6+ 32. Kc3 Bd8 33. Nh1
Bf1 34. g4 Bg2 35. Nf2 Bxf3 36. gxf5+ gxf5 37. Kd3 Bc6 38. Kc4 Bd5+ 39. Kb5 f4
40. Nd3 Kf5 41. Bd6 f3 42. Kc5 e4 43. Nf4 Bb7 44. Kd4 Bf6+ 45. Kc5 e3 46. Nh5
Be5 47. Ng3+ Bxg3 48. Bxg3 f2 0-1

[Event "23. Schweinfurt Open"]
[Site "Schweinfurt"]
[Date "2013.06.01"]
[Round "4.11"]
[White "Memmel, Günther"]
[Black "Simon, Jonathan"]
[Result "0-1"]
[WhiteElo "1785"]
[BlackElo "1954"]
[PlyCount "74"]
[EventDate "2013.05.30"]
[Source "SK SW 2000"]
[SourceDate "2013.06.02"]

1. e4 c5 2. Nf3 d6 3. d4 cxd4 4. Nxd4 Nf6 5. Nc3 g6 6. Be3 Bg7 7. Be2 Nc6 8.
Qd2 Ng4 9. Bxg4 Bxg4 10. f3 Bd7 11. Nxc6 bxc6 12. Bd4 O-O 13. Bxg7 Kxg7 14. h4
h5 15. O-O-O Qa5 16. e5 d5 17. Qd4 Be6 18. g4 Rh8 19. g5 Rab8 20. Qa4 Qc5 21.
Qd4 Qa5 22. a3 Rb7 23. Na4 Rb5 24. Nc3 Rc5 25. Qb4 Qxb4 26. axb4 Rc4 27. b5 d4
28. Ne2 c5 29. Nf4 Bf5 30. Nd3 Rb8 31. b3 Rc3 32. Kb2 Rxb5 33. Rh2 a5 34. Rhd2
a4 35. Nc1 axb3 36. cxb3 Rxf3 37. Nd3 c4 0-1

[Event "23. Schweinfurt Open"]
[Site "Schweinfurt"]
[Date "2013.06.01"]
[Round "4.12"]
[White "Volkamer, Tobias"]
[Black "Herda, Christoph"]
[Result "1-0"]
[WhiteElo "1737"]
[BlackElo "1917"]
[PlyCount "35"]
[EventDate "2013.05.30"]
[Source "SK SW 2000"]
[SourceDate "2013.06.02"]

1. d4 Nf6 2. Nf3 c5 3. d5 e6 4. c4 b5 5. e3 exd5 6. cxd5 Qa5+ 7. Bd2 b4 8. Bc4
Ne4 9. Ne5 d6 10. Qh5 Qc7 11. Bb5+ Bd7 12. Qxf7+ Kd8 13. Bxd7 Nxd7 14. Nc6+ Kc8
15. Qe8+ Kb7 16. Qxe4 Nf6 17. Qc4 Re8 18. a3 1-0

[Event "23. Schweinfurt Open"]
[Site "Schweinfurt"]
[Date "2013.06.01"]
[Round "4.13"]
[White "Feichtner, Erich"]
[Black "Markwardt, Sven"]
[Result "1-0"]
[WhiteElo "1873"]
[BlackElo "1760"]
[PlyCount "73"]
[EventDate "2013.05.30"]
[Source "SK SW 2000"]
[SourceDate "2013.06.02"]

1. e4 d6 2. d4 Nf6 3. Nc3 c6 4. a4 Qa5 5. Bd2 Qb6 6. Nge2 e5 7. a5 Qc7 8. Bg5
Nbd7 9. f3 g6 10. Qd2 h6 11. Be3 Bg7 12. dxe5 dxe5 13. Ng3 b6 14. axb6 Nxb6 15.
Bd3 Be6 16. O-O g5 17. b3 O-O 18. Qf2 Rab8 19. Ra5 Rfd8 20. Rfa1 Nc8 21. h3
Bxb3 22. Ba6 Be6 23. Bxc8 Qxc8 24. Rxa7 Rd7 25. R7a5 Rdb7 26. Bc5 Bf8 27. Bxf8
Qxf8 28. Rxe5 Qb4 29. Nge2 Qb2 30. Rc1 Ra8 31. Kh2 Nd7 32. Rxe6 fxe6 33. Rb1
Qxb1 34. Nxb1 Rxb1 35. Qd4 Rd8 36. Qd6 Kf7 37. Nd4 1-0

[Event "23. Schweinfurt Open"]
[Site "Schweinfurt"]
[Date "2013.06.01"]
[Round "4.14"]
[White "Itze, Jan-Peter"]
[Black "Häusler, Yannick"]
[Result "0-1"]
[WhiteElo "1715"]
[BlackElo "1857"]
[PlyCount "72"]
[EventDate "2013.05.30"]
[Source "SK SW 2000"]
[SourceDate "2013.06.02"]

1. d4 Nf6 2. Nf3 g6 3. Bg5 d5 4. Nbd2 Nbd7 5. e3 Bg7 6. Bd3 c6 7. O-O O-O 8. c3
h6 9. Bh4 g5 10. Bg3 Nh5 11. Be5 Nhf6 12. h3 Nxe5 13. Nxe5 Nd7 14. f4 e6 15.
Qe2 Nxe5 16. fxe5 b6 17. Qh5 Bd7 18. Rf6 Qe7 19. Raf1 a5 20. Nf3 Ra7 21. Nxg5
Be8 22. g4 b5 23. R1f2 b4 24. b3 bxc3 25. Rc2 a4 26. Rxc3 Qb4 27. Rxh6 Bxh6 28.
Qxh6 f5 29. Qxe6+ Bf7 30. Qxf5 Be8 31. Qe6+ Kg7 32. Rc1 Qd2 33. Rf1 Rxf1+ 34.
Bxf1 Qxe3+ 35. Kg2 Qxg5 36. Qxe8 Rf7 0-1

[Event "23. Schweinfurt Open"]
[Site "Schweinfurt"]
[Date "2013.06.01"]
[Round "4.15"]
[White "Helgert, Johannes"]
[Black "Malchau, Jochen"]
[Result "1/2-1/2"]
[WhiteElo "2024"]
[BlackElo "1635"]
[PlyCount "70"]
[EventDate "2013.05.30"]
[Source "SK SW 2000"]
[SourceDate "2013.06.02"]

1. b3 d5 2. e3 Bf5 3. Bb2 e6 4. Nc3 Nf6 5. f4 c5 6. Nf3 Be7 7. Bb5+ Nbd7 8. O-O
h6 9. Ne2 O-O 10. Ng3 Bh7 11. Ne5 a6 12. Bxd7 Nxd7 13. Nh5 Nf6 14. d3 Rc8 15.
Qf3 b5 16. Rf2 c4 17. g4 c3 18. Bc1 Nd7 19. Nxd7 Qxd7 20. f5 exf5 21. gxf5 Bg5
22. Qg4 Rc6 23. e4 g6 24. Ng3 Bxc1 25. Rxc1 Kh8 26. Qf4 gxf5 27. exf5 Rg8 28.
Kh1 d4 29. Re1 Qd5+ 30. Qe4 Qd6 31. Qe5+ f6 32. Qxd6 Rxd6 33. Re7 Rgd8 34. Kg2
R6d7 35. Re6 Rd6 1/2-1/2

[Event "23. Schweinfurt Open"]
[Site "Schweinfurt"]
[Date "2013.06.01"]
[Round "4.16"]
[White "Bebersdorf, Claus"]
[Black "Basel, Moritz"]
[Result "0-1"]
[WhiteElo "1991"]
[BlackElo "1525"]
[PlyCount "110"]
[EventDate "2013.05.30"]
[Source "SK SW 2000"]
[SourceDate "2013.06.02"]

1. e4 d5 2. exd5 Qxd5 3. Qf3 Qxf3 4. Nxf3 Nf6 5. d4 Bf5 6. c3 e6 7. Bf4 Nd5 8.
Bg3 Be7 9. Bc4 c6 10. O-O Nd7 11. Nbd2 h5 12. h3 N7b6 13. Bb3 Nf6 14. Rfe1
O-O-O 15. Ne5 Rhf8 16. Ndc4 Nbd5 17. Ne3 Ne4 18. Nxf5 exf5 19. Bh2 Bh4 20. g3
Bf6 21. Bc2 Nd6 22. Bd1 g6 23. g4 hxg4 24. hxg4 f4 25. Nd3 g5 26. Bb3 Rde8 27.
Rxe8+ Rxe8 28. Re1 Rxe1+ 29. Nxe1 Kd7 30. Kf1 Ne4 31. Ke2 Be7 32. f3 Nd6 33.
Bg1 f6 34. Bxd5 cxd5 35. b3 b5 36. Kd3 f5 37. gxf5 Nxf5 38. c4 bxc4+ 39. bxc4
Kc6 40. Nc2 Nh4 41. Ne1 Bb4 42. Nc2 Ba5 43. cxd5+ Kxd5 44. Bf2 Nxf3 45. Ke2 g4
46. a3 Bc3 47. Nb4+ Bxb4 48. axb4 Nxd4+ 49. Kd3 Nc6 50. b5 g3 51. Bg1 Ne5+ 52.
Ke2 f3+ 53. Ke3 f2 54. Bxf2 Ng4+ 55. Kf3 gxf2 0-1

[Event "23. Schweinfurt Open"]
[Site "Schweinfurt"]
[Date "2013.06.01"]
[Round "4.17"]
[White "Hanft, Günter"]
[Black "Klüber, Werner"]
[Result "1/2-1/2"]
[WhiteElo "1615"]
[BlackElo "1958"]
[PlyCount "36"]
[EventDate "2013.05.30"]
[Source "SK SW 2000"]
[SourceDate "2013.06.02"]

1. e4 d5 2. exd5 Qxd5 3. Nc3 Qd6 4. Nf3 Nf6 5. Bb5+ c6 6. Bc4 Bg4 7. Qe2 e6 8.
d3 Be7 9. Bg5 Nbd7 10. Ne4 Nxe4 11. Bxe7 Qxe7 12. Qxe4 Nf6 13. Qf4 Bxf3 14.
Qxf3 Qb4+ 15. c3 Qxb2 16. O-O Qa3 17. Rab1 Qe7 18. Rb2 O-O 1/2-1/2

[Event "23. Schweinfurt Open"]
[Site "Schweinfurt"]
[Date "2013.06.01"]
[Round "4.18"]
[White "Raaber, Arthur"]
[Black "Völker, Joachim"]
[Result "1/2-1/2"]
[WhiteElo "1605"]
[BlackElo "1880"]
[PlyCount "88"]
[EventDate "2013.05.30"]
[Source "SK SW 2000"]
[SourceDate "2013.06.02"]

1. d4 e6 2. c4 d5 3. Nf3 f5 4. Nc3 Nf6 5. g3 c6 6. cxd5 exd5 7. Bg2 Bd6 8. O-O
O-O 9. Bg5 Qe8 10. e3 Qh5 11. Bxf6 Rxf6 12. Nd2 Qh6 13. f4 Re6 14. Qf3 Nd7 15.
Rae1 Nf6 16. h3 Re7 17. h4 Bd7 18. Bh3 Rae8 19. Nb3 Qg6 20. Kf2 Bb4 21. Re2
Bxc3 22. bxc3 Ne4+ 23. Kg2 Nxc3 24. Ree1 Ne4 25. Rc1 a5 26. Rfe1 b6 27. Rc2 Qd6
28. Nd2 Qb4 29. Re2 Qa3 30. Nxe4 Rxe4 31. Kf2 c5 32. Rb2 cxd4 33. exd4 Qxf3+
34. Kxf3 Rxe2 35. Rxe2 Rxe2 36. Kxe2 b5 37. Bf1 Kf7 38. Ke3 h6 39. Bd3 Kf6 40.
Be2 Ke7 41. Kd3 b4 42. Kc2 a4 43. Kb2 Kd6 44. a3 b3 1/2-1/2

[Event "23. Schweinfurt Open"]
[Site "Schweinfurt"]
[Date "2013.06.01"]
[Round "4.19"]
[White "Müller, Gerhard"]
[Black "Müller, Kai"]
[Result "0-1"]
[WhiteElo "1854"]
[BlackElo "1481"]
[PlyCount "108"]
[EventDate "2013.05.30"]
[Source "SK SW 2000"]
[SourceDate "2013.06.02"]

1. e4 c5 2. Nf3 Nc6 3. Bb5 g6 4. Nc3 Bg7 5. O-O Nd4 6. Nxd4 Bxd4 7. a4 e6 8.
Ne2 Bg7 9. c3 a6 10. Bc4 d5 11. exd5 exd5 12. Ba2 Ne7 13. d4 c4 14. Bg5 O-O 15.
Qd2 Re8 16. Rfe1 f6 17. Bf4 Nf5 18. Bb1 g5 19. Bg3 Bd7 20. Bc2 Qe7 21. a5 Qf7
22. b3 cxb3 23. Bxb3 Bb5 24. Bc2 Qd7 25. Bd3 Bf8 26. f4 Bxd3 27. Qxd3 Re3 28.
Qb1 Nxg3 29. Nxg3 gxf4 30. Rxe3 fxe3 31. Qf5 Qxf5 32. Nxf5 Rc8 33. Nxe3 Rxc3
34. Nxd5 Rc6 35. Rb1 Rd6 36. Nc7 Rxd4 37. Rxb7 Rd7 38. Kf1 Kf7 39. Rb6 Rxc7 40.
Rxa6 Bc5 41. Ra8 Ra7 42. Rc8 Rxa5 43. g3 Ra1+ 44. Kg2 Ra2+ 45. Kh1 Bd4 46. Rc4
Rd2 47. Rc1 Kg6 48. Rf1 Kg5 49. Rf4 Be3 50. Re4 Re2 51. Rb4 f5 52. Ra4 f4 53.
h4+ Kg4 54. gxf4 Kh3 0-1

[Event "23. Schweinfurt Open"]
[Site "Schweinfurt"]
[Date "2013.06.01"]
[Round "4.20"]
[White "Roth, Jakob"]
[Black "Heller, Thomas"]
[Result "0-1"]
[WhiteElo "1582"]
[BlackElo "1801"]
[PlyCount "168"]
[EventDate "2013.05.30"]
[Source "SK SW 2000"]
[SourceDate "2013.06.02"]

1. b3 e6 2. Bb2 Nf6 3. e3 d5 4. f4 Ne4 5. Nf3 Nd7 6. Be2 b6 7. Bb5 Bb7 8. Bxd7+
Qxd7 9. O-O f6 10. d3 Nd6 11. Nh4 O-O-O 12. Nd2 Qf7 13. Qg4 Kb8 14. Ndf3 Rg8
15. Nd4 Re8 16. a4 a6 17. a5 c5 18. Ne2 b5 19. c3 Be7 20. f5 e5 21. Nf3 Bc8 22.
Nd2 g5 23. e4 h5 24. Qg3 Bb7 25. exd5 Bxd5 26. c4 Bc6 27. Nc3 b4 28. Nce4 Nxe4
29. dxe4 Rd8 30. Qe3 Rd7 31. Rfd1 Rgd8 32. Qe2 Bf8 33. Bc1 Rd6 34. Ra2 g4 35.
Re1 Rd3 36. Rd1 Qb7 37. Re1 Bh6 38. Kf1 Re3 39. Qf2 Rxe1+ 40. Qxe1 Bg5 41. Qe2
Qd7 42. Ke1 Qd4 43. Kf1 Bf4 44. g3 Bg5 45. Kg2 Kb7 46. Kf1 Qc3 47. Qe1 Rd3 48.
Kg2 Bxd2 49. Rxd2 Qxb3 50. Qe2 Rxd2 51. Bxd2 Qc2 52. Qe3 Qxe4+ 53. Qxe4 Bxe4+
54. Kf2 b3 55. Bc3 Bxf5 56. Ke3 Kc6 57. Kd2 Kd6 58. Ke3 Be6 59. Kd3 f5 60. Bd2
b2 61. Kc2 b1=Q+ 62. Kxb1 Bxc4 63. Kc2 Kd5 64. Be3 Bb5 65. Kc3 c4 66. Bd2 Ke4
67. Bg5 Kf3 68. Bf6 e4 69. Bd4 Kg2 70. Kd2 Kxh2 71. Be5 Kh3 72. Ke3 h4 73. Kf4
hxg3 74. Kxf5 e3 75. Ke4 g2 76. Kxe3 g1=Q+ 77. Kd2 Qf2+ 78. Kc3 Qe3+ 79. Kb4
Qxe5 80. Ka3 Qc3+ 81. Ka2 Qxa5+ 82. Kb1 Qd2 83. Ka1 c3 84. Kb1 Qb2# 0-1

[Event "23. Schweinfurt Open"]
[Site "Schweinfurt"]
[Date "2013.06.01"]
[Round "4.21"]
[White "Wolf, Pablo"]
[Black "Falkenstein, Johannes"]
[Result "1-0"]
[WhiteElo "1506"]
[BlackElo "1732"]
[PlyCount "39"]
[EventDate "2013.05.30"]
[Source "SK SW 2000"]
[SourceDate "2013.06.02"]

1. e4 e5 2. Nc3 Bc5 3. g3 Nc6 4. Bg2 d6 5. Nge2 Be6 6. O-O Qd7 7. d3 O-O-O 8.
Na4 Bb6 9. Nxb6+ axb6 10. f4 f5 11. fxe5 Nxe5 12. Nf4 fxe4 13. Nxe6 Qxe6 14.
Bxe4 Ne7 15. Qe2 d5 16. Bg2 N7c6 17. Bf4 Rhe8 18. Rae1 Qf6 19. Bxe5 Qxe5 20.
Qg4+ 1-0

[Event "23. Schweinfurt Open"]
[Site "Schweinfurt"]
[Date "2013.06.01"]
[Round "4.22"]
[White "Scheming, Anna-Marie"]
[Black "Hegel, Pius"]
[Result "1/2-1/2"]
[WhiteElo "1133"]
[BlackElo "1719"]
[PlyCount "80"]
[EventDate "2013.05.30"]
[Source "SK SW 2000"]
[SourceDate "2013.06.02"]

1. d4 Nf6 2. Bf4 d6 3. e3 Bf5 4. Be2 Nc6 5. Nf3 h6 6. h3 e6 7. O-O Be7 8. c3
O-O 9. Bd3 Be4 10. Bxe4 Nxe4 11. Nbd2 Nxd2 12. Qxd2 Bf6 13. e4 e5 14. Bg3 Re8
15. d5 Ne7 16. Nh2 Ng6 17. Qd3 Bg5 18. Rae1 a6 19. c4 b5 20. b3 Qb8 21. Nf3 Bf6
22. h4 b4 23. h5 Nf4 24. Bxf4 exf4 25. Nh2 Re5 26. Ng4 Rxh5 27. Nxf6+ gxf6 28.
Qf3 Qf8 29. Qxh5 Qg7 30. Rd1 Re8 31. Qf3 Qg5 32. Rd3 Re5 33. Re1 Kh7 34. Qh3 f5
35. Qf3 Kg7 36. Rdd1 Qh4 37. Qh3 Qe7 38. Qf3 Qh4 39. exf5 Rxf5 40. Rd3 Rh5
1/2-1/2

[Event "23. Schweinfurt Open"]
[Site "Schweinfurt"]
[Date "2013.06.01"]
[Round "4.23"]
[White "Häusler, Luis"]
[Black "Schmitz, Wolfgang"]
[Result "0-1"]
[WhiteElo "1428"]
[BlackElo "2070"]
[PlyCount "78"]
[EventDate "2013.05.30"]
[Source "SK SW 2000"]
[SourceDate "2013.06.02"]

1. e4 e5 2. f4 exf4 3. Nf3 d6 4. Bc4 Be6 5. Bxe6 fxe6 6. d4 Nc6 7. Bxf4 h6 8.
O-O Nf6 9. Nc3 Be7 10. Qe1 g5 11. d5 gxf4 12. dxc6 bxc6 13. e5 Nd5 14. Nxd5
cxd5 15. Nd4 Bh4 16. Qe2 O-O 17. Nxe6 Qe7 18. Qg4+ Kh7 19. Nxf8+ Rxf8 20. Rxf4
Rxf4 21. Qxf4 dxe5 22. Qf5+ Kg7 23. g3 Bf6 24. Rf1 c6 25. Qg4+ Kh7 26. c4 d4
27. Qe4+ Kg7 28. Qxc6 e4 29. Rf4 e3 30. Re4 Qf7 31. Rg4+ Bg5 32. Qg2 d3 33. Qf1
Qe6 34. Qf3 e2 35. Re4 e1=Q+ 36. Rxe1 Qxe1+ 37. Qf1 d2 38. c5 Qxf1+ 39. Kxf1
d1=Q+ 0-1

[Event "23. Schweinfurt Open"]
[Site "Schweinfurt"]
[Date "2013.06.01"]
[Round "4.24"]
[White "Wiener, Horst"]
[Black "Engelbrecht, Klaus"]
[Result "1-0"]
[WhiteElo "1909"]
[BlackElo "1247"]
[PlyCount "45"]
[EventDate "2013.05.30"]
[Source "SK SW 2000"]
[SourceDate "2013.06.02"]

1. e4 Nc6 2. Nc3 d6 3. d4 e5 4. Nf3 exd4 5. Nxd4 Nxd4 6. Qxd4 c5 7. Qd3 Be6 8.
Bf4 g5 9. Bg3 a6 10. O-O-O c4 11. Qd4 f6 12. Bxc4 Bxc4 13. Qxc4 Qd7 14. e5 Rc8
15. Qd3 Rc6 16. exd6 f5 17. Be5 Bg7 18. Rhe1 Bxe5 19. Rxe5+ Kd8 20. Rxf5 Nh6
21. Rxg5 Ng4 22. Qd4 Rg8 23. Rxg8+ 1-0

[Event "23. Schweinfurt Open"]
[Site "Schweinfurt"]
[Date "2013.06.01"]
[Round "4.26"]
[White "Grasmik, Waldemar"]
[Black "Lachnit, Manfred"]
[Result "0-1"]
[WhiteElo "1375"]
[BlackElo "1613"]
[PlyCount "114"]
[EventDate "2013.05.30"]
[Source "SK SW 2000"]
[SourceDate "2013.06.02"]

1. a3 e5 2. e4 Nf6 3. Nc3 Be7 4. Bc4 O-O 5. d3 d6 6. Bg5 Nc6 7. h4 a6 8. Qd2 b5
9. Bd5 Nxd5 10. Nxd5 Bxg5 11. hxg5 Nd4 12. O-O-O c6 13. Nc3 a5 14. f4 b4 15.
Nce2 bxa3 16. bxa3 Nb5 17. a4 Nd4 18. Nxd4 exd4 19. Qe2 f6 20. Qh5 fxg5 21.
Qxh7+ Kf7 22. f5 Qf6 23. Nf3 Bd7 24. Qh5+ Ke7 25. Nxg5 Rh8 26. Qg4 c5 27. Rh5
Rxh5 28. Qxh5 Qh6 29. Qf7+ Kd8 30. Qg6 Qxg6 31. fxg6 Bxa4 32. Rh1 Ra7 33. Rh7
Be8 34. Ne6+ Kc8 35. Rh8 Re7 36. Nf4 Kb7 37. Kb2 c4 38. Ka3 cxd3 39. cxd3 Bb5
40. Rd8 Kc6 41. Rc8+ Kd7 42. Rb8 Bc6 43. g3 Kc7 44. Rg8 Kb7 45. Nh5 Be8 46.
Nxg7 Bxg6 47. Nf5 Bxf5 48. exf5 Re3 49. Ka4 Rxd3 50. Kxa5 Kc6 51. f6 Rf3 52.
Rf8 d3 53. f7 d2 54. Rc8+ Kd7 55. f8=Q Rxf8 56. Rxf8 d1=Q 57. Rg8 Qd5+ 0-1

[Event "23. Schweinfurt Open"]
[Site "Schweinfurt"]
[Date "2013.06.01"]
[Round "4.27"]
[White "Memmel, Stefan"]
[Black "Brodt, Andreas"]
[Result "0-1"]
[WhiteElo "1278"]
[BlackElo "1601"]
[PlyCount "106"]
[EventDate "2013.05.30"]
[Source "SK SW 2000"]
[SourceDate "2013.06.02"]

1. d4 d5 2. Bf4 Nf6 3. Nc3 a6 4. e3 g6 5. Nf3 Bg7 6. Bd3 e6 7. O-O Bd7 8. h3
Bc6 9. Be5 O-O 10. Re1 Nbd7 11. Qe2 b5 12. a3 Bb7 13. Rad1 Qe8 14. b4 Nxe5 15.
Nxe5 h5 16. Nf3 c6 17. e4 dxe4 18. Bxe4 Nd5 19. Bxd5 cxd5 20. Nb1 Qd7 21. c3 a5
22. Ne5 Bxe5 23. Qxe5 axb4 24. axb4 Ra6 25. Nd2 Rc6 26. Qg3 Kg7 27. Ra1 f6 28.
Re3 Ra6 29. Rxa6 Bxa6 30. f4 Rf7 31. Qe1 Bc8 32. Nf3 Qd6 33. g3 Kh6 34. Kg2 Qd7
35. Qd2 e5 36. Ng1 e4 37. Re1 Qf5 38. Qe2 Rb7 39. Rf1 Bd7 40. g4 hxg4 41. hxg4
Qxg4+ 42. Qxg4 Bxg4 43. Kg3 f5 44. Ra1 Rc7 45. Ra3 g5 46. Rb3 Re7 47. Rb1 gxf4+
48. Kxf4 e3 49. c4 Re4+ 50. Kg3 Rxd4 51. cxd5 Rxd5 52. Kg2 Rd2+ 53. Kf1 Rf2+
0-1